LEADER 02715nam 2200589 a 450 001 9910456007903321 005 20200520144314.0 010 $a0-309-50866-5 035 $a(CKB)111069351126440 035 $a(EBL)3375189 035 $a(SSID)ssj0000280622 035 $a(PQKBManifestationID)11206089 035 $a(PQKBTitleCode)TC0000280622 035 $a(PQKBWorkID)10290426 035 $a(PQKB)11314786 035 $a(MiAaPQ)EBC3375189 035 $a(Au-PeEL)EBL3375189 035 $a(CaPaEBR)ebr10032379 035 $a(OCoLC)923254571 035 $a(EXLCZ)99111069351126440 100 $a20020822d2002 uy 0 101 0 $aeng 135 $aur|n|---||||| 181 $ctxt 182 $cc 183 $acr 200 00$aImmunization safety review$b[electronic resource] $emultiple immunizations and immune dysfunction /$fKathleen Stratton, Christopher B. Wilson, and Marie C. McCormick, editors ; Immunization Safety Review Committee, Board on Health Promotion and Disease Prevention, Institute of Medicine 210 $aWashington, D.C. $cNational Academy Press$dc2002 215 $a1 online resource (146 p.) 225 1 $aThe Compass series 300 $aDescription based upon print version of record. 311 $a0-309-08328-1 320 $aIncludes bibliographical references. 327 $a""Front Matter""; ""REVIEWERS""; ""Foreword""; ""Acknowledgments""; ""Contents""; ""Executive Summary""; ""Immunization Safety Review: Multiple Immunizations and Immune Dysfunction""; ""THE CHARGE TO THE COMMITTEE""; ""THE STUDY PROCESS""; ""THE FRAMEWORK FOR SCIENTIFIC ASSESSMENT""; ""UNDER REVIEW: MULTIPLE IMMUNIZATIONS AND IMMUNE DYSFUNCTION""; ""SCIENTIFIC ASSESSMENT""; ""RECOMMENDATIONS FOR PUBLIC HEALTH RESPONSE""; ""REFERENCES""; ""Appendix A Chronology of Important Events Regarding Vaccine Safety""; ""Appendix B Committee Conclusions and Recommendations from Previous Reports"" 327 $a""Appendix C Immunization Safety Review Committee""""Appendix D Methods of Identifying the Literature for the Causality Assessment"" 410 0$aCompass series (Washington, D.C.) 606 $aImmunization$xComplications 606 $aVaccination$xComplications 608 $aElectronic books. 615 0$aImmunization$xComplications. 615 0$aVaccination$xComplications. 676 $a614.4/7 701 $aStratton$b Kathleen R$0857330 701 $aWilson$b Christopher B$g(Christopher Bruce),$f1946-$01054329 701 $aMcCormick$b Marie C$01034673 801 0$bMiAaPQ 801 1$bMiAaPQ 801 2$bMiAaPQ 906 $aBOOK 912 $a9910456007903321 996 $aImmunization safety review$92486820 997 $aUNINA LEADER 01781oam 2200445Ia 450 001 9910693482503321 005 20090310160154.0 035 $a(CKB)4330000001272058 035 $a(OCoLC)227205750 035 $a(EXLCZ)994330000001272058 100 $a20080508d2007 ua 0 101 0 $aeng 135 $aurmn||||||||| 181 $ctxt$2rdacontent 182 $cc$2rdamedia 183 $acr$2rdacarrier 200 00$aGeophysical methods for investigating ground-water recharge$b[electronic resource] /$fby Ty P.A. Ferre? ... [and others] 210 1$a[Reston, Va.] :$cU.S. Geological Survey,$d2007. 215 $a38 unnumbered pages $cdigital, PDF file 225 1 $aU.S. Geological Survey professional paper ;$v1703 300 $aTitle from HTML title screen (viewed on May 7, 2008). 300 $aAt head of title: Ground-Water Resources Program, National Research Program. 300 $a"USGS Professional paper 1703--Ground-water recharge in the arid and semi-arid southwestern United States--Appendix 2"--P. [1] of PDF. 320 $aIncludes bibliographical references. 517 3 $aGeophysical methods for investigating ground water recharge 606 $aGeophysics$xMethodology 606 $aGroundwater recharge$xMethodology 615 0$aGeophysics$xMethodology. 615 0$aGroundwater recharge$xMethodology. 701 $aFerre?$b Ty P. A$01404953 712 02$aGeological Survey (U.S.).$bGround-water Resources Program. 712 02$aNational Research Program (Geological Survey) 712 02$aGeological Survey (U.S.) 801 0$bGIS 801 1$bGIS 801 2$bGPO 906 $aBOOK 912 $a9910693482503321 996 $aGeophysical methods for investigating ground-water recharge$93480581 997 $aUNINA